000 00382nam a22001577a 4500
005 20160916115325.0
008 160916b xxu||||| |||| 00| 0 eng d
020 _a978-81-775-8977-1
041 _aeng
100 _aPIERRET,ROBERT F
_93587
245 _aSEMI CONDUCTOR DEVICE FUNDAMENTALS
260 _bPEARSON
_c2015
300 _a780
650 _aENGINEERING
_93588
942 _cBK
999 _c5261
_d5259